Alle Fifa 23 Kartentypen - Statistiken

Allgemein
  • Dieses Quiz wurde 222 mal gespielt
  • Das Durchschnittsergebnis liegt bei 8 aus 72
Antwortstatistiken
Kartentyp % Korrekt
TOTY
86%
TOTS
78%
Icon
51%
Fut Birthday
33%
Future Star
33%
Futties
31%
Winter Wildcard
31%
Shapeshifter
30%
Rare Gold
23%
Rare Bronze
22%
Rare Silver
22%
Ones to watch
21%
Non-Rare Gold
20%
Non-Rare Silver
20%
Non-Rare Bronze
19%
Rulebreaker
17%
TOTY Icon
17%
TOTY Nominee
15%
MOTM
13%
Showdown
12%
Flashback
11%
TOTS Moments
10%
TOTW Gold
8%
UEL RTTF
8%
Bundesliga POTM
7%
Level Up
7%
Libertadores
7%
Moments
7%
TOTW Silver
7%
UCL RTTF
7%
Fut Birthday Icon
6%
Ligue 1 POTM
6%
Out of Position
6%
Serie A POTM
6%
Dynamic Duo
5%
Fut Hero
5%
Futties Premium
5%
La Liga POTM
5%
Shapeshifter Icon
5%
Sudamericana
5%
UCL RTTK
5%
UEL RTTK
5%
End of an Era
4%
Fut Centurion
4%
Objectives
4%
Award Winner
3%
Cover Star Icon
3%
ECL RTTF
3%
ECL RTTK
3%
EPL POTM
3%
Fantasy Hero
3%
Fut Champs
3%
UCL MOTM
3%
WC Hero
3%
ECL MOTM
2%
Fantasy Fut
2%
Fut Baller
2%
History Maker
2%
UEL MOTM
2%
WC Icon
2%
WC Stories
2%
WC TOTT
2%
Eredevise POTM
1%
Road to WC
1%
Squad Foundation
1%
TOTS Fut Champs
1%
TT Hero
1%
TT Icon
1%
WC Path to Glory
1%
WC Phenom
1%
WC Showdown
1%
WC Star
1%
Keine übereinstimmenden Quizze gefunden
Verteilung der Resultate
Anzahl Personen mit jedem Resultat
Perzentil nach korrekt beantworteten Fragen
Ihre Resultats-Entwicklung
Sie haben dieses Quiz noch nicht gespielt